Statistics for NBA Players from UCLA

Click here to take the quiz!

General Stats

  • This quiz has been taken 91 times
    (11 since last reset)
  • The average score is 23 of 103

Answer Stats

PositionPlayerDraft Year% Correct
CKareem Abdul-Jabbar1969
100%
PGLonzo Ball2017
86%
GRussell Westbrook2008
86%
FCKevin Love2008
71%
CBill Walton1974
57%
GFJaime Jaquez Jr.2023
57%
PGAaron Holiday2018
43%
GBaron Davis1999
43%
SGJohnny Juzang2022
43%
GJrue Holiday2009
43%
FKen Johnson1985
43%
GFMarques Johnson1977
43%
SGReggie Miller1987
43%
SGZach LaVine2014
43%
SGAmari Bailey2023
29%
SGArron Afflalo2007
29%
FCharles O'Bannon1997
29%
FDavid Greenwood1979
29%
PFDon MacLean1992
29%
PFDrew Gordon2012
29%
FEd O'Bannon1995
29%
GGail Goodrich1965
29%
CIke Anigbogu2017
29%
GFJamaal Wilkes1974
29%
FJames Wilkes1980
29%
SGJaylen Clark2023
29%
PFKevon Looney2015
29%
PFKyle Anderson2014
29%
FLuc Mbah a Moute2008
29%
CMoses Brown2019
29%
PGRoy Hamilton1979
29%
FCSidney Wicks1971
29%
PFT.J. Leaf2017
29%
GToby Bailey1998
29%
SFTrevor Ariza2004
29%
GAndre McCarter1975
14%
SGBrad Holland1979
14%
FCBrad Wright1985
14%
GCedric Bozeman2006
14%
GCorey Gaines1988
14%
PFCurtis Rowe1971
14%
FCDan Gadzuric2002
14%
FDarrell Allums1980
14%
PGDarren Collison2009
14%
GDarrick Martin1992
14%
PFDave Meyers1975
14%
PFDavid Wear2014
14%
SFDijon Thompson2005
14%
FDon BarksdaleN/A
14%
PGEarl Watson2001
14%
CGeorge Zidek1995
14%
GGerald Madkins1991
14%
CGreg Foster1990
14%
SGGreg Lee1974
14%
GHenry Bibby1972
14%
FCJack Haley1987
14%
SFJason Kapono2003
14%
FCJelani McCoy1998
14%
FCJerome Moiso2000
14%
SGJohn Vallely1970
14%
SGJordan Adams2014
14%
PGJordan Farmar2006
14%
FJ.R. Henderson1998
14%
FKeith Owens1991
14%
GFKenny Fields1984
14%
SFKiki Vandeweghe1980
14%
GLarry Drew2013
14%
PGLucius Allen1969
14%
GMahdi Abdul-Rahman1964
14%
GMalcolm Lee2011
14%
CMark Eaton1979
14%
GFMatt Barnes2002
14%
GMike Holton1983
14%
GFMike Sanders1982
14%
SGMitchell Butler1993
14%
SGNorman Powell2015
14%
GFPeyton Watson2022
14%
PGPooh Richardson1989
14%
CRalph Drollinger1976
14%
GRalph Jackson1984
14%
SGRaymond Townsend1978
14%
FCRichard Petruska1993
14%
PFRichard Washington1976
14%
GRod Foster1983
14%
CRyan Hollins2006
14%
GFShabazz Muhammad2013
14%
CSteve Patterson1970
14%
CStuart Gray1984
14%
CSwen Nater1973
14%
CThomas Welsh2018
14%
FTracy Murray1992
14%
PFTravis Wear2014
14%
FTrevor Wilson1990
14%
FTyler Honeycutt2011
14%
PGTyus Edney1995
14%
FWillie Naulls1956
14%
GFAlan Sawyer1950
0%
CBrett Vroman1978
0%
FCDarren Daye1983
0%
GDave Minor1948
0%
SFJonah Bolden2017
0%
GFKeith Erickson1965
0%
FMike Lynn1967
0%

Score Distribution

Percentile by Number Answered

Percent of People with Each Score

Your Score History

You have not taken this quiz since the last reset